LEADER 00774nam0-22002891i-450- 001 990006749930403321 005 20001010 035 $a000674993 035 $aFED01000674993 035 $a(Aleph)000674993FED01 035 $a000674993 100 $a20001010d--------km-y0itay50------ba 101 0 $aita 105 $ay-------001yy 200 1 $a<>absolutisme$fRichard Bonney 210 $aParis$cPresses Universitaires de France$d1989 215 $a125 p 17 cm 225 1 $aQue sais-je?$v2486 700 1$aBonney,$bRichard$f<1947- >$0154644 801 0$aIT$bUNINA$gRICA$2UNIMARC 901 $aBK 912 $a990006749930403321 952 $aCOLLEZ. 241 (2486)$b15199$fFSPBC 959 $aFSPBC 996 $aAbsolutisme$9630690 997 $aUNINA DB $aGEN01 LEADER 01886oam 2200505M 450 001 9910716105003321 005 20200213070944.8 035 $a(CKB)5470000002519070 035 $a(OCoLC)1065621611 035 $a(OCoLC)995470000002519070 035 $a(EXLCZ)995470000002519070 100 $a20071213d1926 ua 0 101 0 $aeng 135 $aurcn||||||||| 181 $ctxt$2rdacontent 182 $cc$2rdamedia 183 $acr$2rdacarrier 200 10$aBridge across the Mississippi River at Cape Girardeau, Mo. April 19 (calendar day, April 21), 1926. -- Ordered to be printed 210 1$a[Washington, D.C.] :$c[U.S. Government Printing Office],$d1926. 215 $a1 online resource (2 pages) 225 1 $aSenate report / 69th Congress, 1st session. Senate ;$vno. 640 225 1 $a[United States congressional serial set ] ;$v[serial no. 8525] 300 $aBatch processed record: Metadata reviewed, not verified. Some fields updated by batch processes. 300 $aFDLP item number not assigned. 517 $aBridge across the Mississippi River at Cape Girardeau, Mo. April 19 606 $aBridge construction industry 606 $aBridges$xDesign and construction 606 $aBridges 606 $aLegislative amendments 608 $aLegislative materials.$2lcgft 615 0$aBridge construction industry. 615 0$aBridges$xDesign and construction. 615 0$aBridges. 615 0$aLegislative amendments. 701 $aBingham$b Hiram$f1875-1956$pRepublican (CT)$0463205 801 0$bWYU 801 1$bWYU 801 2$bOCLCO 801 2$bOCLCQ 801 2$bOCLCO 801 2$bOCLCQ 906 $aBOOK 912 $a9910716105003321 996 $aBridge across the Mississippi River at Cape Girardeau, Mo. April 19 (calendar day, April 21), 1926. -- Ordered to be printed$93439145 997 $aUNINA